Unamuno, Blasco Ibáñez y Sánchez Guerra en París : (Record no. 66612)

MARC details
000 -LEADER
campo de control de longitud fija 01055nam a2200253 i 4500
001 - NÚMERO DE CONTROL
campo de control 66612
003 - IDENTIFICADOR DE NÚMERO DE CONTROL
campo de control ES-MaACL
005 - FECHA Y HORA DE LA ÚLTIMA TRANSACCIÓN
campo de control 20250927135246.0
007 - CAMPO FIJO DE DESCRIPCIÓN FÍSICA--INFORMACIÓN GENERAL
campo de control de longitud fija t|
008 - DATOS DE LONGITUD FIJA--INFORMACIÓN GENERAL
campo de control de longitud fija 021125s2002 sp ||||0| spa d
020 ## - NÚMERO INTERNACIONAL ESTÁNDAR DEL LIBRO
Número Internacional Estándar del Libro 84-7784-877-7
100 1# - ENTRADA PRINCIPAL--NOMBRE DE PERSONA
Nombre de persona Esplá, Carlos.
9 (RLIN) 47930
245 10 - MENCIÓN DEL TÍTULO
Título Unamuno, Blasco Ibáñez y Sánchez Guerra en París :
Resto del título crónicas de París y otros escritos periodísticos, 1916-1930 /
Mención de responsabilidad, etc. Carlos Esplá Rizo ; introducción, selección y notas, Pedro L. Angosto y Encarna Fernández.
260 ## - PUBLICACIÓN, DISTRIBUCIÓN, ETC.
Lugar de publicación, distribución, etc. [Alicante] :
Nombre del editor, distribuidor, etc. Instituto Alicantino de Cultura "Juan Gil-Albert",
Fecha de publicación, distribución, etc. 2002.
300 ## - DESCRIPCIÓN FÍSICA
Extensión 421 p. ;
Dimensiones 21 cm.
600 14 - PUNTO DE ACCESO ADICIONAL DE MATERIA--NOMBRE DE PERSONA
Nombre de persona Unamuno, Miguel de,
Fechas asociadas al nombre 1864-1936-
Subdivisión general Biografías
9 (RLIN) 172375
600 14 - PUNTO DE ACCESO ADICIONAL DE MATERIA--NOMBRE DE PERSONA
Nombre de persona Blasco Ibáñez, Vicente,
Fechas asociadas al nombre 1867-1928-
Subdivisión general Biografías
9 (RLIN) 29389
600 14 - PUNTO DE ACCESO ADICIONAL DE MATERIA--NOMBRE DE PERSONA
Nombre de persona Sánchez Guerra, José,
Fechas asociadas al nombre 1859-1935
9 (RLIN) 102690
700 1# - ENTRADA AGREGADA--NOMBRE PERSONAL
Nombre de persona Angosto, Pedro L.
9 (RLIN) 21753
700 1# - ENTRADA AGREGADA--NOMBRE PERSONAL
Nombre de persona Fernández, Encarna (
Forma completa/desarrollada del nombre Fernández García)
9 (RLIN) 147369
710 2# - ENTRADA AGREGADA--NOMBRE DE ENTIDAD CORPORATIVA
Nombre de entidad corporativa o nombre de jurisdicción como elemento de entrada Instituto de Cultura "Juan Gil-Albert"
9 (RLIN) 4857
852 ## - LOCALIZACIÓN
Ubicación ES-MaACL
Número de control de estantería L-27113
Holdings
Estatus retirado Estado de pérdida Estado de daño No para préstamo Biblioteca de origen Biblioteca actual Ubicación en estantería Fecha de adquisición Fuente de adquisición Total de préstamos Signatura topográfica completa Código de barras Visto por última vez Precio de reemplazo Tipo de ítem Koha
        Biblioteca del Ateneo de Madrid Biblioteca del Ateneo de Madrid Depósito 2 17/01/2008     L-27113 1069774 23/02/2023 23/02/2023 Libro impreso